| 000 | 00724nam a2200229 i 4500 | ||
|---|---|---|---|
| 003 | IT-RoINE | ||
| 005 | 20181219051825.0 | ||
| 008 | 160720s2016 it r ||0 | ita d | ||
| 020 | _a9788868790295* | ||
| 040 |
_aPUG _bita _dclb |
||
| 100 | 1 |
_aWeigel, George, _d1951- _945489 |
|
| 245 | 1 | 0 |
_aCattolicesimo evangelico : _bla grande riforma della Chiesa del XXI secolo / _cGeorge Weigel. |
| 260 |
_aSiena : _bCantagalli, _c2016. |
||
| 300 |
_a359 p. ; _c21 cm. |
||
| 336 |
_2rdacontent _atext |
||
| 337 |
_2rdamedia _aunmediated |
||
| 338 |
_2rdacarrier _avolume |
||
| 504 | _aBibliografía en notas. | ||
| 610 | 2 | 4 |
_954342 _aIglesia Católica _xHistoria _ySiglo 21o. |
| 650 | 4 |
_aTeología _ySiglo 21o. _955602 |
|
| 942 | _cMTS | ||
| 999 |
_c28175 _d28175 |
||